书目信息 |
| 题名: |
当我们阅读时 我们看到了什么
|
|
| 作者: | 门德尔桑德 著 ;应宁 译 | |
| 分册: | ||
| 出版信息: | 北京 北京联合出版公司 2015.6 |
|
| 页数: | xix,433页 | |
| 开本: | 21cm | |
| 丛书名: | 未读·文艺家 | |
| 单 册: | ||
| 中图分类: | G792 , I0-05 | |
| 科图分类: | ||
| 主题词: | 阅读--yue du--研究 , 研究--yan jiu | |
| 电子资源: | ||
| ISBN: | 978-7-5502-5140-3 | |
| 000 | 01163nam0 22003011 450 | |
| 001 | 0102093620 | |
| 005 | 20170402093620.0 | |
| 010 | @a978-7-5502-5140-3@dCNY55.00 | |
| 100 | @a20150702d2015 em y0chiy50 ea | |
| 101 | 1 | @achi@ceng |
| 102 | @aCN@b110000 | |
| 105 | @aa z 000yy | |
| 106 | @ar | |
| 200 | 1 | @a当我们阅读时 我们看到了什么@Adang wo men yue du shi wo men kan dao le shen me@dWhat we see when we read@f(美) 彼得·门德尔桑德著@fPeter Mendelsund@g应宁译@zeng |
| 210 | @a北京@c北京联合出版公司@d2015.6 | |
| 215 | @axix,433页@c图@d21cm | |
| 225 | 2 | @a未读·文艺家@Awei du wen yi jia |
| 330 | @a本书通过19个短小精悍的章节,作者考量了阅读与时间、写作技艺、视觉敏感度、幻想、通感、信念等各种因素的联系。作者充分地实现了他的目标,对阅读的神奇行为展开了妙趣横生、赏心悦目的哲思。 | |
| 461 | 0 | @12001 @a未读·文艺家 |
| 500 | 10 | @aWhat we see when we read@mChinese |
| 606 | 0 | @a阅读@Ayue du@x研究 |
| 606 | 0 | @a研究@Ayan jiu |
| 690 | @aG792@v5 | |
| 690 | @aI0-05@v5 | |
| 701 | 1 | @a门德尔桑德@Amen de er sang de@c(Mendelsund,Peter)@4著 |
| 702 | 0 | @a应宁@Aying ning@4译 |
| 801 | 0 | @aCN@bTANGWEI@c20170308 |
| 905 | @b0964238-41@dG792@e535@f4 | |
| 当我们阅读时 我们看到了什么=What we see when we read/(美) 彼得·门德尔桑德著/Peter Mendelsund/应宁译.-北京:北京联合出版公司,2015.6 |
| xix,433页:图;21cm.-(未读·文艺家) |
| ISBN 978-7-5502-5140-3:CNY55.00 |
| 本书通过19个短小精悍的章节,作者考量了阅读与时间、写作技艺、视觉敏感度、幻想、通感、信念等各种因素的联系。作者充分地实现了他的目标,对阅读的神奇行为展开了妙趣横生、赏心悦目的哲思。 |
| ● |
| 相关链接 |
|
|
|
|
正题名:当我们阅读时 我们看到了什么
索取号:G792/535
 
预约/预借
| 序号 | 登录号 | 条形码 | 馆藏地/架位号 | 状态 | 备注 |
| 1 | 0964238 | 209642387 | 第一样本阅览室/ [索取号:G792/535] | 在馆 | |
| 2 | 0964239 | 209642396 | 第四借阅区/ [索取号:G792/535] | 在馆 | |
| 3 | 0964240 | 209642403 | 第四借阅区/ [索取号:G792/535] | 在馆 | |
| 4 | 0964241 | 209642412 | 第四借阅区/ [索取号:G792/535] | 在馆 |